Protection of Geographical Indication Products and Sustainable Agricultural Development: The Role of Public Policies
Ochrana zemepisných označení produktov ako základný nástroj na podporu kvalitného rozvoja poľnohospodárstva a zaručenie ekologickej bezpečnosti. Reforma a inovácie čínskeho systému ochrany zemepisných označení a udržateľný rozvoj poľnohospodárstva.
Salvato in:
| Autore principale: | |
|---|---|
| Altri autori: | , , |
| Natura: | Capitolo di libro |
| Lingua: | inglese |
| Soggetti: | |
| Tags: |
Nessun Tag, puoi essere il primo ad aggiungerne!!
|
MARC
| LEADER | 00000naa a2200000 4500 | ||
|---|---|---|---|
| 001 | 0315613 | ||
| 005 | 20260327080641.3 | ||
| 041 | 0 | |a eng | |
| 044 | |a CZ | ||
| 245 | 1 | 0 | |a Protection of Geographical Indication Products and Sustainable Agricultural Development: The Role of Public Policies |c Chunyan Li, Lanqing Ge, Qi Ban, Xiaoting Song |
| 520 | |a Ochrana zemepisných označení produktov ako základný nástroj na podporu kvalitného rozvoja poľnohospodárstva a zaručenie ekologickej bezpečnosti. Reforma a inovácie čínskeho systému ochrany zemepisných označení a udržateľný rozvoj poľnohospodárstva. | ||
| 610 | 2 | 0 | |a poľnohospodárstvo |
| 610 | 2 | 0 | |a udržateľnosť |
| 610 | 2 | 0 | |a značky |
| 610 | 2 | 0 | |a označenie zemepisné |
| 610 | 2 | 0 | |a produkty |
| 610 | 2 | 0 | |a politika verejná |
| 610 | 2 | 0 | |a Čína |
| 100 | 1 | |a Li, Chunyan | |
| 700 | 1 | |a Ge, Lanqing | |
| 700 | 1 | |a Ban, Qi | |
| 700 | 1 | |a Song, Xiaoting | |